Dům vrácené ozvěny / Arnošt Lustig ; přebal, vazba a graf. úprava Milan Jaroš
Record details
- ISBN: 80-204-0464-3
- Physical Description: 589 s. ; 20 cm
- Edition: 3., přeprac. vyd.
- Publisher: Praha : Mladá fronta, 1994
Search for related items by subject
| Subject: | Praha (Česko) |
| Genre: | romány |
Search for related items by series
Available copies
- 1 of 1 copy available at Common Catalog SPOK.
Holds
- 0 current holds with 1 total copy.
Show Only Available Copies
| Location | Call Number / Copy Notes | Barcode | Shelving Location | Status | Due Date |
|---|---|---|---|---|---|
| The Jewish community of Prague | K 1580 | 4638302059 | K - Beletrie | Available | - |
Electronic resources
Version of Resource: Digitalizovaný dokument
| LDR | 01367nam a2200385 4500 | ||
|---|---|---|---|
| 001 | 53966 | ||
| 003 | CZ-PrJAB | ||
| 005 | 20210319110551.0 | ||
| 007 | ta | ||
| 008 | 950524s1994 xr 000 1 cze | ||
| 015 | . | ‡acnb000092785 | |
| 020 | . | ‡a80-204-0464-3 ‡q(váz.) | |
| 035 | . | ‡a(CZ PrNK)np9534143 | |
| 035 | . | ‡a(OCoLC)32079044 | |
| 040 | . | ‡aABA001 ‡bcze | |
| 043 | . | ‡ae-cz-cc | |
| 045 | . | ‡ax3x4 | |
| 072 | 7. | ‡a821.162.3-3 ‡xČeská próza ‡2Konspekt ‡925 | |
| 080 | . | ‡a885.0-31 ‡2undef | |
| 080 | . | ‡a940.53/.54 ‡2undef | |
| 080 | . | ‡a943.71 ‡2undef | |
| 100 | 1 | . | ‡aLustig, Arnošt, ‡d1926-2011 ‡7jk01072683 ‡4aut |
| 245 | 1 | 0. | ‡aDům vrácené ozvěny / ‡cArnošt Lustig ; přebal, vazba a graf. úprava Milan Jaroš |
| 250 | . | ‡a3., přeprac. vyd. | |
| 260 | . | ‡aPraha : ‡bMladá fronta, ‡c1994 ‡e(Český Těšín : ‡fTěšínská tiskárna) | |
| 300 | . | ‡a589 s. ; ‡c20 cm | |
| 490 | 1 | . | ‡aModerní česká próza ; ‡vsv. 12 |
| 651 | 7. | ‡aPraha (Česko) ‡7ge118011 ‡2czenas | |
| 653 | 0 | . | ‡asvětová válka 2. ‡aŽidé ‡ačeská próza |
| 655 | 7. | ‡aromány ‡7fd133289 ‡2czenas | |
| 700 | 1 | . | ‡aJaroš, Milan, ‡d1953- ‡7jo20010086907 ‡4art |
| 830 | 0. | ‡aModerní česká próza (Mladá fronta) | |
| 856 | 4 | 1. | ‡uhttp://krameriusndk.nkp.cz/search/handle/uuid:5ef22130-a287-11e6-baa5-005056827e51 ‡yDigitalizovaný dokument |
| 910 | . | ‡aABE461 | |
| 995 | . | ‡aska | |
| 964 | . | ‡aŽidé - válka světová 2. - Praha - romány | |
| 901 | . | ‡a53966 ‡bAUTOGEN ‡c53966 ‡tbiblio | |